Statystyki dla Kraje które nie mają dostępu do morza. #1

Kliknij tutaj aby rozwiązać quiz!

Ogólne statystyki

  • Ten quiz został rozwiązany 164 razy
  • Średni wynik to 12 z 15

Statystyki odpowiedzi

Graniczy z...Kraj% Poprawnych
Słowacją, Niemcami, Austrią itd.Czechy
94%
Francją, Niemcami, Belgią.Luksemburg
92%
Rumunią, Ukrainą,Mołdawia
90%
Rosją, ChinamiMongolia
90%
Francją, Niemcami, Włochami itd.Szwajcaria
90%
Słowacją, Czehcami, Austrią itd.Węgry
89%
Hiszpanią, FrancjąAndora
88%
Albanią, Serbią, Maceodnią itd.Kosowo
83%
Brazylią, Argentyną, BoliwiąParagwaj
83%
Chiny, IndieNepal
80%
Republiką Południowej AfrykiLesotho
75%
Kazachstan, Turkemistan, Kirgistan itd.Uzbekistan
73%
Irak, Izrael, Syria itd.Jordania
69%
Czad, Nigeria, Benin itd.Niger
62%
Szwajcarią, AustriąLiechtenstien
20%

Rozkład punktacji

Percentyl według liczby udzielonych odpowiedzi

Procent ludzi z każdym wynikiem

Twoja historia wyników

Nie rozwiązałeś tego quizu